| 000 | 00844cam a2200265u 4500 | ||
|---|---|---|---|
| 001 | 16737 | ||
| 003 | BD-RjUL | ||
| 005 | 20211209000038.0 | ||
| 008 | 140215t1958 gw a 000 0 eng | ||
| 035 | _a(BD-RjUL)16792 | ||
| 040 |
_aDLC _cCarP _dDLC _dBD-RjUL _beng |
||
| 041 | _aeng | ||
| 082 | 0 | 4 |
_a672 _bTOF 1958 |
| 100 | 1 |
_aToussaint, Mathias Maria Friedrich, _d1899- [from old catalog] _951696 |
|
| 245 | 1 | 0 |
_aFrom ore to steel : _bthe pictorial story of iron and its comversion to steel / |
| 250 | _a4th ed. | ||
| 260 |
_aDüsseldorf : _bVerlag Stahleisen, _c1958. |
||
| 300 |
_a144 p. : _billus. ; _c24 cm. |
||
| 650 | 0 |
_aIron _xMetallurgy. _941669 |
|
| 650 | 0 |
_aSteel industry and trade. _951697 |
|
| 942 |
_2ddc _cBK |
||
| 999 |
_c16737 _d16737 |
||